01948cam a22003974i 4500003000900000005001700009008004100026035002000067040003300087100004600120245014700166264001000313300004000323336002100363337002500384338002300409502005900432504002400491520083700515526001001352526001001362526000901372526000901381526000901390526000901399526000901408526000901417526000901426526000801435526000801443526000801451526000801459526000801467650003401475700004101509PE-LiUPU20250731165438.0160525s2016 pe a grm 000 0 spa d a(Sirsi) a156836 aPE-LiUPUbspacPE-LiUPUerda1 aNúñez Casaño, José Antonioeautor1 aFuncionamiento familiar y depresión en pacientes de consulta externa de un hospital de Lima este, 2015 /cJosé Antonio Núñez Casaño. 0c2016. a100 hojas : bilustraciones;c30 cm atext2rdacontent aunmediated2rdamedia avolume2rdacarrier aTesisb(Lic.) -- cUniversidad Peruana Unión,d2016. aIncluye referencias3 aEl objetivo de la presente investigación fue determinar la relación entre funcionamiento familiar y depresión en 176 pacientes; 121 mujeres y 55 varones de consulta externa de un Hospital de Lima, Este. El diseño del presente estudio fue no experimental, de tipo descriptivo correlacional y de corte transversal. Se utilizó la Escala de Evaluación Familiar de McMaster (FAD. adaptado por Quinteros, 2008), y el Inventario de Depresión de Beck (Adaptado por Barbaran y Apaza, 2014). Los resultados muestran que si existe una relación altamente significativa entre ambas variables; la cual evidencia que los beneficios de una familia adecuadamente estructurada y organizada, contribuirá a un desarrollo emocional sano y equilibrado en los pacientes que asisten continuamente a los consultorios externos del hospital. aSEG44 aSEG26 aP151 aP150 aP149 aP146 aP145 aP126 aP125 aP92 aP75 aP74 aP27 aP1504aDepresiónxFamiliasvTesis.1 aSaire Saire, Clauria Mercedeseautor